| 000 | 00480nam a2200181 a 4500 | ||
|---|---|---|---|
| 001 | 000037671 | ||
| 005 | 20201002031111.0 | ||
| 008 | 121024s2009 mx 000 0 spa d | ||
| 020 | _a9685146462 | ||
| 040 |
_aDO-SdBNP _bspa _cBNPHU |
||
| 082 |
_axxx _bH587b |
||
| 100 | 1 |
_aHesse, Hermann _964134 |
|
| 245 | 1 | 0 |
_aBajo la rueda / _cHermann Hesse. |
| 260 |
_aMéxico : _bEdiciones Leyenda, _c2009. |
||
| 300 |
_a150 p. ; _c21 cm. |
||
| 490 | 1 | _aClásicos | |
| 830 | 0 |
_aClásicos _99850 |
|
| 999 |
_c37161 _d37161 |
||